Conducta antisocial: evaluación, tratamiento y prevención en la infancia y adolescencia (Registro nro. 13204)
[ vista simple ]
| 000 -Cabecera | |
|---|---|
| Campo de control de longitud fija | 00601nam a22002177a 4500 |
| 005 - Fecha y hora de la última transacción | |
| Campo de control | 20260325191616.0 |
| 008 - Elementos de longitud fija--Información general | |
| Campo de control de longitud fija | 211210b2001 xxu||||| |||| 00| 0 spa d |
| 020 ## - International Standard Book Number | |
| Número Internacional Estándar del Libro (ISBN) | 8436808061 |
| 041 ## - Idioma | |
| Código de idioma | Español |
| 082 ## - Clasificación Decimal Dewey | |
| Número de clasificación | 364.36 K23c |
| 100 ## - Entrada principal--Autor personal | |
| Nombre personal | Kazdin, Alan |
| 9 (RLIN) | 59486 |
| 245 ## - Título propiamente dicho | |
| Título | Conducta antisocial: evaluación, tratamiento y prevención en la infancia y adolescencia |
| 260 ## - Pie de imprenta | |
| Lugar de publicación, distribución, etc. | España |
| 260 ## - Pie de imprenta | |
| Nombre del editor, distribuidor, etc. | Ediciones pirámide |
| 260 ## - Pie de imprenta | |
| Fecha de publicación, distribución, etc. | 2001 |
| 300 ## - Descripción física | |
| Extensión | 183 páginas |
| 490 ## - Serie | |
| Título de la Serie | Investigación Criminal |
| 650 ## - Materia general | |
| Temática (materia general) | DELINCUENCIA JUVENIL |
| 650 ## - Materia general | |
| Temática (materia general) | CONDUCTA ANTISOCIAL |
| 942 ## - Punto de acceso adicional KOHA | |
| Tipo de ítem KOHA | Libro |
| Fuente del sistema de clasificación o colocación | Dewey Decimal Classification |
| Signatura completa | Código de barras | Programa Académico | Tipo de ítem |
|---|---|---|---|
| 364.36 K23c | 7941 | Investigación Criminal | Libro |